Química general : manual de laboratorio

Đã lưu trong:
Chi tiết về thư mục
Tác giả chính: Chaverri Benavides, Guillermo
Định dạng: Không biết
Ngôn ngữ:Spanish
Được phát hành: San José, Costa Rica : Editorial de la Universidad de Costa Rica 2004
Những chủ đề:
Các nhãn: Thêm thẻ
Không có thẻ, Là người đầu tiên thẻ bản ghi này!

MARC

LEADER 00000 a2200000 4500
003 000126
005 20221231143751.0
008 140114s2004 cr a 000 ||spa d
020 |a 9977670331 
040 |c cru CEDI 
082 |a  540.72 Ch512q 
100 |a Chaverri Benavides, Guillermo  |9 19730 
245 |a Química general : manual de laboratorio  
260 |c 2004  |a San José, Costa Rica : Editorial de la Universidad de Costa Rica 
300 |a 181 páginas ; ilustraciones  
650 |x QUIMICA - MANUALES DE LABORATORIO  |9 19731 
942 |2 ddc  |c BK 
999 |c 11513  |d 11513